• 首页
  • 本馆介绍
  • 公告通知
  • 最新文献
  • 馆藏检索
  • 电子资源
  • 读者导购
  • 参考咨询
  • 我的图书馆
  • 登录
  • 详细信息显示
  • 放入我的书架
  • 预约/预借图书
  • 作者相关作品
  • 分类相关作品
  • 丛书相关作品
  • 出版社相关作品

书目信息

  • 表格格式
  • 工作单格式
  • 卡片格式
题名:
化工厂系统设计
    
 
作者: 陈树辉 , 蔡尔辅 著
分册:  
出版信息: 北京   化学工业出版社  2016.03
页数: 538页
开本: 26cm
丛书名:
单 册:
中图分类: TQ08
科图分类:
主题词: 化工厂--设计
电子资源:
ISBN: 978-7-122-25681-2
000 01040nam0 2200265 450
001 0120161843573
005 20170418151408.62
010    @a978-7-122-25681-2@dCNY128.00
100    @a20160523d2016 em y0chiy50 ea
101 0  @achi
102    @aCN@b110000
105    @aak z 000yy
106    @ar
200 1  @a化工厂系统设计@9hua gong chang xi tong she ji@f陈树辉,蔡尔辅著
205    @a3版
210    @a北京@c化学工业出版社@d2016.03
215    @a538页@c图@d26cm
330    @a本书详细介绍了管道仪表流程图制图要求、化工装置建造材料选用、管道设计考虑要点、仪表和控制、供电和电动机、工艺设备、环保和人员健康考虑、操作、安全、公用工程系统设计、水力计算、管道仪表流程图设计、管道仪表流程图的设计实例、故障诊断及解决等内容。
333    @a本书对在工厂直接操作生产的人员有很大帮助, 也可指导化工、石油化工、医药、发电、环保等行业的设计人员
606 0  @a化工厂@x设计
690    @aTQ08@v5
701  0 @a陈树辉@9chen shu hui@4著
701  0 @a蔡尔辅@9cai er fu@4著
801  0 @aCN@b人天书店@c20160523
905    @b985642-44@dTQ08@e312=3@f3
    
    化工厂系统设计/陈树辉,蔡尔辅著.-3版.-北京:化学工业出版社,2016.03
    538页:图;26cm
    使用对象:本书对在工厂直接操作生产的人员有很大帮助, 也可指导化工、石油化工、医药、发电、环保等行业的设计人员
    
    ISBN 978-7-122-25681-2:CNY128.00
    本书详细介绍了管道仪表流程图制图要求、化工装置建造材料选用、管道设计考虑要点、仪表和控制、供电和电动机、工艺设备、环保和人员健康考虑、操作、安全、公用工程系统设计、水力计算、管道仪表流程图设计、管道仪表流程图的设计实例、故障诊断及解决等内容。
●
相关链接 在E读中查询图书 在五车中查询图书 在当当中查询图书 在豆瓣中查询图书


正题名:化工厂系统设计     索取号:TQ08/312=3         预约/预借

序号 登录号 条形码 馆藏地/架位号 状态 备注
1 985642   209856422   第二样本阅览室/ [索取号:TQ08/312=3] 在馆    
2 985643   209856431   第三借阅区/ [索取号:TQ08/312=3] 在馆    
3 985644   209856440   密集书库-化学系/ [索取号:TQ08/312=3] 在馆    
唐山师范学院图书馆 欢迎您!
大连网信软件有限公司© 版权所有